| 000 | 00354nam a22001337a 4500 | ||
|---|---|---|---|
| 020 | _qHB. | ||
| 040 | _cFIZZA ISHAQ | ||
| 082 |
_a624.102 _bLEE |
||
| 100 |
_aS, THOMAS SON ABRHAM LEE. _986404 |
||
| 245 |
_aSLOPE STABILITY STABILIZATION METHODS / _cLEE ABRHAM SON THOMAS S. |
||
| 260 |
_aCANADA : _bWILEY, _c2002. |
||
| 300 | _a712 P. ; | ||
| 942 |
_2ddc _cBK |
||
| 999 |
_c587309 _d587309 |
||